Giáo trình thủy nông
Uloženo v:
| Korporativní autor: | |
|---|---|
| Médium: | Kniha |
| Jazyk: | Undetermined |
| Vydáno: |
Hà Nội
Nông thôn
1972
|
| Témata: | |
| Tagy: |
Přidat tag
Žádné tagy, Buďte první, kdo otaguje tento záznam!
|
| Thư viện lưu trữ: | Trung tâm Học liệu Trường Đại học Cần Thơ |
|---|
| LEADER | 00549nam a2200181Ia 4500 | ||
|---|---|---|---|
| 001 | CTU_12644 | ||
| 008 | 210402s9999 xx 000 0 und d | ||
| 082 | |a 631.6 | ||
| 082 | |b Tr561/T.2 | ||
| 110 | |a Trường Đại học Thủy Lợi | ||
| 245 | 0 | |a Giáo trình thủy nông | |
| 245 | 0 | |c Trường Đại học Thủy Lợi | |
| 260 | |a Hà Nội | ||
| 260 | |b Nông thôn | ||
| 260 | |c 1972 | ||
| 650 | |a Hydraulic engineering,Irrigation | ||
| 904 | |i Minh, 961116 | ||
| 980 | |a Trung tâm Học liệu Trường Đại học Cần Thơ | ||